| 000 | 01122cab a22002055a 4500 | ||
|---|---|---|---|
| 001 | L156778 | ||
| 008 | 120713e2012 xxk 000 0 eng d | ||
| 035 | _a(Sirsi) u156778 | ||
| 041 | 0 | _aeng | |
| 100 | 1 | _aGreen, Simon | |
| 245 | 0 | 0 |
_aKey issues to consider in relation to a development management agreement _b10 July 2012 _h[electronic resource] |
| 260 | _c2012 | ||
| 520 | _aOwners seeking to develop land or property usually enter into a development management agreement (DMA) with their appointed developers. Explains the benefits of DMAs and outlines some of the key legal and commercial issues to be considered when entering a DMA: conditions precedent; development management fee; budget and costs; services and authority; and suspension and termination. | ||
| 590 | _aNTK KA | ||
| 651 | 4 | _aUnited Kingdom | |
| 690 |
_aLandlord and tenant _96252 |
||
| 690 |
_aPlanning and development _96259 |
||
| 856 | 4 | 0 |
_uhttps://www.mondaq.com/x/185260/Building+Construction/Key+Issues+To+Consider+In+Relation+To+A+Development+Management+Agreement _zView the article after free registration at www.mondaq.com |
| 942 | _n0 | ||
| 999 |
_c84153 _d84153 |
||